000 01015cam a2200325 4500
008 000000n2001 000 0 eng u
020 _a0419261001
035 _a(Sirsi) u110619
050 _a340.0942
100 _aRostron, J.
_xEditor
245 _aDictionary of property and construction law
260 _aLondon
_bSpon Press
_c2001
300 _a199p.
_c23cm.
350 _a20.00
520 _aThis dictionary aims to provide clear and concise explanations of terms commonly used in construction law, equity and trusts, finance and administration, land law and planning law for professionals in the construction and property industries.
650 _aADMINISTRATION
650 _aBUILDING LAW
650 _aCONSTRUCTION LAW
650 _aEQUITY
650 _aFINANCE
650 _aLAND LAW
650 _aPLANNING LAW
650 _aPROPERTY LAW
650 _aTRUSTS
690 _aLAW
700 _aWright, L.
700 _aTatham, L.
700 _aHardy-Pickering, R.
942 _n0
999 _c101108
_d101108